000 00930cad a22002055a 4500
001 E152751
008 110419s2010 xxk f 000 0 eng d
035 _a(Sirsi) u152751
041 0 _aeng
110 2 _aMcGrigors
_95941
245 0 0 _aProperty litigation mini guide
_bconsiderations in carrying out rent reviews
_h[electronic resource]
260 _a[Scotland]
_bMcGrigors
_c2010
490 0 _aMcGrigors Property Litigation Mini Guide
_v(7) July 2010
520 _aLooks at issues that can arise in relation to rent reviews, and suggests possible solutions. Topics covered include notices and timescales.
590 _aKA
651 4 _aScotland
_y1999-
690 _aPROPERTY-LANDLORD AND TENANT-TENANCIES-TENANCY RENT REVIEW
856 4 0 _uhttps://www.mcgrigors.com/pdfdocs/MiniGuide_PropertyLitigation7_Considerations_in_Carrying_Out_Rent_Reviews.PDF
_zView the mini guide free of charge at www.mcgrigors.com
942 _n0
999 _c112199
_d112199